Analýza koncentrácie slovenského priemyslu

Výsledky skúmania koncentrácie slovenského priemyslu v rokoch 1994-1996. Triedenie slovenských priemyselných podnikov, oddielov a skupín podľa Herfindahlovho - Hirschmanovho indexu.

Na minha lista:
Detalhes bibliográficos
Autor principal: Unčovský, Ladislav
Outros Autores: Brezina, Ivan, 1963-
Formato: Capítulo de Livro
Idioma:eslovaco
Assuntos:
Tags: Adicionar Tag
Sem tags, seja o primeiro a adicionar uma tag!

MARC

LEADER 00000naa a2200000 4500
001 r036313
005 20240502071332.8
041 0 |a slo 
044 |a SK 
245 1 0 |a Analýza koncentrácie slovenského priemyslu  |c Ladislav Unčovský, Ivan Brezina 
520 |a Výsledky skúmania koncentrácie slovenského priemyslu v rokoch 1994-1996. Triedenie slovenských priemyselných podnikov, oddielov a skupín podľa Herfindahlovho - Hirschmanovho indexu. 
610 2 0 |a priemysel 
610 2 0 |a koncentrácia 
610 2 0 |a analýzy 
610 2 0 |a Slovensko 
610 2 0 |a údaje štatistické 
610 2 0 |a indexy 
610 2 0 |a Herfindahlov - Hirschmanov index 
610 2 0 |a odvetvia priemyselné 
610 2 0 |a 1994-1996 
100 1 |a Unčovský, Ladislav 
700 1 |a Brezina, Ivan, 1963-